[Event "36th Olympiad w"]
[Site "Calvia ESP"]
[Date "2004.10.29"]
[Round "14"]
[White "Lomibao,S"]
[Black "Valickova,M"]
[Result "1/2-1/2"]
[WhiteElo "2089"]
[BlackElo "2076"]
[EventDate "2004.10.15"]

1. e4 e5 2. Bc4 Nf6 3. d3 Nc6 4. Nc3 Bb4 5. Bg5 h6 6. Bh4 d6 7. Nge2 Na5 8.
O-O g5 9. Bg3 Nxc4 10. dxc4 Bxc3 11. Nxc3 Qe7 12. Qd3 O-O 13. h4 Nh5 14.
Nd5 Qd8 15. hxg5 hxg5 16. c5 f5 17. exf5 Rxf5 18. Ne3 Nf4 19. Bxf4 Rxf4 20.
Qg6+ Kh8 21. Nd5 Rf7 22. Rad1 c6 23. Qh6+ Kg8 24. Ne3 d5 25. Nc4 Bf5 26.
Qh2 e4 27. Nd6 Rh7 28. Qe5 Bg6 29. c4 g4 30. Qe6+ Kg7 31. Qxg4 Qf6 32. cxd5
Rah8 33. f4 a6 34. Qe2 Bf7 35. Qg4+ Bg6 36. Qd7+ Bf7 37. Qg4+ Bg6 1/2-1/2

[Event "36th Olympiad w"]
[Site "Calvia ESP"]
[Date "2004.10.29"]
[Round "14"]
[White "Dymshits,G"]
[Black "Mendoza,B"]
[Result "1/2-1/2"]
[WhiteElo "2081"]
[BlackElo "2131"]
[EventDate "2004.10.15"]

1. e4 e5 2. Nf3 Nc6 3. Bb5 Nf6 4. d3 d6 5. c3 Be7 6. Nbd2 O-O 7. Nf1 Nb8 8.
Ng3 c6 9. Ba4 Qc7 10. O-O d5 11. Qe2 dxe4 12. dxe4 Nbd7 13. Nf5 Nc5 14.
Nxe7+ Qxe7 15. Bc2 Bg4 16. Bg5 Ne6 17. Be3 Nh5 18. Rfe1 Qf6 19. Bd1 Nhf4
20. Bxf4 Nxf4 21. Qe3 Rad8 22. Be2 Rd6 23. Rad1 Rfd8 24. Rxd6 Rxd6 25. Rd1
Rxd1+ 26. Bxd1 Qd6 27. Bc2 b6 28. Qd2 Qxd2 29. Nxd2 Be6 30. a3 1/2-1/2

[Event "36th Olympiad w"]
[Site "Calvia ESP"]
[Date "2004.10.29"]
[Round "14"]
[White "Bakalarz,G"]
[Black "Starr,N"]
[Result "1-0"]
[WhiteElo "2035"]
[BlackElo "2191"]
[EventDate "2004.10.15"]

1. d4 Nf6 2. Nf3 g6 3. Bg5 Bg7 4. Nbd2 c5 5. c3 cxd4 6. cxd4 Nc6 7. e3 d6
8. Bc4 O-O 9. O-O b6 10. Rc1 Bb7 11. Qe2 Rc8 12. Ba6 Bxa6 13. Qxa6 Qd7 14.
a3 Rc7 15. Qd3 Rfc8 16. Qb1 Na5 17. b4 Nc4 18. Nxc4 Rxc4 19. Rxc4 Rxc4 20.
Rc1 Qc7 21. Rxc4 Qxc4 22. Bxf6 Bxf6 23. Nd2 Qc6 24. Nb3 e5 25. dxe5 Bxe5
26. g3 a5 27. bxa5 bxa5 28. Qd1 a4 29. Nd2 Qc5 30. h3 Qxa3 31. Nc4 Qb3 32.
Qd5 Kg7 33. f4 a3 34. Qa5 a2 1-0

[Event "36th Olympiad w"]
[Site "Calvia ESP"]
[Date "2004.10.29"]
[Round "14"]
[White "Khaziyeva,D"]
[Black "Steil Antoni,F"]
[Result "1-0"]
[WhiteElo "2100"]
[BlackElo "1936"]
[EventDate "2004.10.15"]

1. d4 d5 2. c4 e6 3. Nc3 Nf6 4. cxd5 exd5 5. Bf4 Be7 6. Qc2 c6 7. e3 O-O 8.
Bd3 Nbd7 9. h3 Re8 10. Nf3 Nf8 11. g4 Ng6 12. Ne2 Bd6 13. Bxd6 Qxd6 14.
O-O-O Ne4 15. Bxe4 Rxe4 16. Rdg1 Re7 17. h4 b6 18. h5 Nf8 19. Nh4 c5 20.
Kb1 Rc7 21. Qd3 c4 22. Qc2 b5 23. Nf4 b4 24. Nf5 Qc6 25. g5 b3 26. axb3
Bxf5 27. Qxf5 Rb8 28. g6 Rxb3 29. gxh7+ Kh8 30. Rxg7 Kxg7 31. Rg1+ Ng6 32.
h8=Q+ Kxh8 33. Nxg6+ 1-0

[Event "36th Olympiad w"]
[Site "Calvia ESP"]
[Date "2004.10.29"]
[Round "14"]
[White "Sekulovska,V"]
[Black "Tilenbaeva,J"]
[Result "1/2-1/2"]
[WhiteElo "2164"]
[BlackElo "2080"]
[EventDate "2004.10.15"]

1. d4 d5 2. c4 e6 3. Nc3 Nf6 4. Bg5 Be7 5. cxd5 exd5 6. e3 c6 7. Bd3 Nbd7
8. Qc2 Nh5 9. Bxe7 Qxe7 10. Nge2 g6 11. g4 Ng7 12. O-O-O Nf6 13. h3 Bd7 14.
Kb1 O-O-O 15. g5 Nfh5 16. Nxd5 Qd6 17. Ndc3 Kb8 18. Ne4 Qe7 19. N2c3 Bf5
20. Ka1 Ne6 21. Qb3 Nxg5 22. Nxg5 Qxg5 23. Ba6 Bc8 24. Bc4 f5 25. d5 Qf6
26. Rd4 c5 27. Rd2 Qd6 28. Rhd1 Nf6 29. a4 a6 30. a5 Rhe8 31. Na4 Re4 32.
Nb6 f4 33. exf4 Qxf4 34. Nxc8 Kxc8 35. Re2 Ree8 36. Re6 Qd4 1/2-1/2

[Event "36th Olympiad w"]
[Site "Calvia ESP"]
[Date "2004.10.29"]
[Round "14"]
[White "Yildiz,B"]
[Black "Van der Merwe,C"]
[Result "1/2-1/2"]
[WhiteElo "2131"]
[BlackElo "2059"]
[EventDate "2004.10.15"]

1. e4 e6 2. d4 d5 3. exd5 exd5 4. Nf3 Bg4 5. h3 Bh5 6. Qe2+ Qe7 7. Be3 Nc6
8. Nc3 O-O-O 9. O-O-O Nf6 10. g4 Bg6 11. Ne5 Qe8 12. f4 Be4 13. Rg1 Bb4 14.
Nxe4 Nxe4 15. c3 Bxc3 16. bxc3 Nxc3 17. Qd2 Nxd1 18. Kxd1 f6 19. Nd3 Nxd4
20. Nc5 Ne6 21. Nxe6 Qxe6 22. Bd4 Qb6 23. Rg3 Rhe8 24. Bg2 Re6 25. Rd3 Rde8
26. Bf2 c6 27. Bf3 Qc7 28. f5 R6e7 29. a4 Qe5 30. Qc3 Kd7 31. Kc2 b6 32.
Bg3 Qxg3 33. Bxd5 Qxd3+ 34. Qxd3 cxd5 35. Qxd5+ Kc7 36. Qc4+ Kb8 37. Qf4+
Kc8 38. Kb2 Re2+ 39. Kc1 R2e4 40. Qd6 Rc4+ 41. Kb2 Rc7 42. Qd5 Kb8 43. h4
Re2+ 44. Kb3 Re5 45. Qg8+ Kb7 46. Qxh7 Re3+ 47. Kb2 Re2+ 48. Kb3 Rec2 49.
a5 bxa5 50. Qg8 Ka6 51. Qd5 R7c3+ 52. Ka4 Rc4+ 53. Kb3 a4+ 54. Ka3 R2c3+
55. Ka2 Rc6 56. Qd4 R3c4 57. Qd3 Ka5 58. Qd8+ Ka6 59. Qd3 Kb6 60. Qd8+ Kb7
61. Qd7+ Rc7 62. Qb5+ Ka8 63. Qd5+ R4c6 64. g5 1/2-1/2

[Event "36th Olympiad w"]
[Site "Calvia ESP"]
[Date "2004.10.29"]
[Round "14"]
[White "Bayrak,A"]
[Black "Ellappen,J"]
[Result "1-0"]
[WhiteElo "1907"]
[BlackElo "2031"]
[EventDate "2004.10.15"]

1. e4 c5 2. Nc3 Nc6 3. g3 g6 4. Bg2 Bg7 5. d3 d6 6. f4 e6 7. Nf3 Nge7 8.
O-O O-O 9. Be3 Nd4 10. e5 Bd7 11. Ne4 Nef5 12. Bf2 Nxf3+ 13. Bxf3 Bc6 14.
c3 h5 15. exd6 b6 16. Nf6+ Bxf6 17. Bxc6 Rc8 18. Bb7 Rb8 19. Bg2 Qxd6 20.
Qc2 Rfd8 21. Rfd1 Rbc8 22. Qa4 Qb8 23. Qb3 Rd7 24. a4 a5 25. Qb5 Rcd8 26.
Rab1 Kh7 27. b4 Nd6 28. Qc6 Rc7 29. Qf3 cxb4 30. cxb4 Bc3 31. bxa5 Bxa5 32.
Qe2 Nf5 33. Qb2 Ra7 34. Bc6 Ne7 35. Be4 Qd6 36. Qf6 Nd5 37. Bxd5 Qxd5 38.
Rb5 Qd6 39. Qb2 Rb7 40. Rxa5 bxa5 41. Qxb7 Rd7 42. Qb6 Qd5 43. Qb5 Qd6 44.
Qxa5 Rc7 45. Qb6 Qd7 1-0

[Event "36th Olympiad w"]
[Site "Calvia ESP"]
[Date "2004.10.29"]
[Round "14"]
[White "Konara,H"]
[Black "Guerrero Rodriguez,Alej"]
[Result "0-1"]
[WhiteElo "1911"]
[BlackElo "2102"]
[EventDate "2004.10.15"]

1. c4 g6 2. Nc3 Bg7 3. g3 Nf6 4. Bg2 e5 5. e3 O-O 6. Nge2 d6 7. O-O c6 8.
d3 Be6 9. Rb1 d5 10. cxd5 cxd5 11. d4 Nc6 12. dxe5 Nxe5 13. Nf4 Bg4 14. f3
Bf5 15. Ra1 Be6 16. Qb3 Qd7 17. Rd1 Rfd8 18. Nce2 Nc6 19. Bd2 Qe7 20. Nxe6
Qxe6 21. Nf4 Qe7 22. Ne2 Rac8 23. Kf2 d4 24. Nxd4 Nxd4 25. exd4 Nd5 26. Be3
Nxe3 27. Qxe3 Rc2+ 0-1

[Event "36th Olympiad w"]
[Site "Calvia ESP"]
[Date "2004.10.29"]
[Round "14"]
[White "Castillo,Di"]
[Black "De la Cruz,M"]
[Result "1-0"]
[WhiteElo "2043"]
[BlackElo "2086"]
[EventDate "2004.10.15"]

1. e4 c5 2. c4 d6 3. Nc3 Nc6 4. d3 a6 5. Nge2 Nf6 6. Ng3 g6 7. Be2 Bg7 8.
Bg5 Nd4 9. O-O Nxe2+ 10. Qxe2 h6 11. Be3 O-O 12. h3 Bd7 13. f4 b5 14. f5 b4
15. Nd5 Nxd5 16. exd5 Qc7 17. Rf3 Kh7 18. Raf1 g5 19. Nh5 f6 20. Nxg7 Kxg7
21. Bc1 Ra7 22. Re3 Bc8 23. Qh5 Rh8 24. Rfe1 Bxf5 25. g3 Bg6 26. Qf3 Qd8
27. b3 Rf8 28. Bb2 a5 29. h4 Rb7 30. Re6 Rf7 31. Rxe7 Qxe7 32. Rxe7 1-0

[Event "36th Olympiad w"]
[Site "Calvia ESP"]
[Date "2004.10.29"]
[Round "14"]
[White "Quinn,De"]
[Black "Mohammed,J"]
[Result "0-1"]
[WhiteElo "2036"]
[BlackElo "1990"]
[EventDate "2004.10.15"]

1. e4 e5 2. Nf3 Nc6 3. Bb5 a6 4. Bxc6 dxc6 5. O-O Bd6 6. d4 Qe7 7. Be3 Bg4
8. h3 Bxf3 9. Qxf3 Nf6 10. Nd2 O-O-O 11. c3 Kb8 12. Rfe1 Nd7 13. Nc4 f6 14.
Na5 Nb6 15. dxe5 Bxe5 16. Qe2 Bd6 17. Bxb6 cxb6 18. Nc4 Bc7 19. Rad1 Rxd1
20. Rxd1 Re8 21. Re1 f5 22. Nd2 Bf4 23. f3 Qc5+ 24. Kh1 Bc7 25. Nf1 fxe4
26. fxe4 Qe5 27. g4 Re6 28. Qh2 Qg5 29. Qf2 Rf6 30. Qe3 Rxf1+ 0-1

[Event "36th Olympiad w"]
[Site "Calvia ESP"]
[Date "2004.10.29"]
[Round "14"]
[White "Nakagawa,E"]
[Black "Borda,C"]
[Result "1/2-1/2"]
[WhiteElo "1949"]
[BlackElo "2088"]
[EventDate "2004.10.15"]

1. d4 Nf6 2. c4 e6 3. Nc3 c5 4. d5 exd5 5. cxd5 d6 6. e4 g6 7. Nf3 Bg7 8.
Be2 O-O 9. O-O Na6 10. Nd2 Nc7 11. f4 Re8 12. Qc2 a6 13. a4 Rb8 14. Nf3 b5
15. axb5 axb5 16. Bd3 Bg4 17. Bd2 Bxf3 18. Rxf3 Ng4 19. Be1 Bd4+ 20. Kh1
Ne3 21. Qc1 Nc4 22. Bf2 Bxf2 23. Rxf2 Nb6 24. Rf1 b4 25. Ne2 Rc8 26. Qc2
Qe7 27. Ng1 Kh8 28. Nf3 Kg8 29. Nd2 Qf8 30. Nc4 Nxc4 31. Qxc4 1/2-1/2

[Event "36th Olympiad w"]
[Site "Calvia ESP"]
[Date "2004.10.29"]
[Round "14"]
[White "Stolarczyk,An"]
[Black "Elfelo,K"]
[Result "1/2-1/2"]
[WhiteElo "2006"]
[BlackElo "1884"]
[EventDate "2004.10.15"]

1. d4 Nf6 2. Nf3 g6 3. c4 Bg7 4. Nc3 d6 5. g3 O-O 6. Bg2 e5 7. dxe5 dxe5 8.
Qxd8 Rxd8 9. Nxe5 Re8 10. Nd3 c6 11. O-O Nh5 12. Ne4 Nd7 13. Re1 Ne5 14.
Nxe5 Bxe5 15. f4 Bg7 16. Nd6 Re7 17. Nxc8 Rxc8 18. Rb1 Bd4+ 19. Kf1 Nf6 20.
Bf3 Rce8 21. b3 Bc3 22. Rd1 Ne4 23. Bxe4 Rxe4 24. e3 Bb4 25. Rd3 Bc5 26.
Kf2 f5 27. Bd2 Bb6 28. Re1 Rd8 29. Rxd8+ Bxd8 30. Rd1 Be7 31. Bc3 Bc5 32.
Bd4 Bxd4 33. Rxd4 Rxd4 34. exd4 Kf7 35. d5 c5 36. Kf3 h5 37. h3 Ke7 38. g4
h4 39. gxf5 gxf5 40. Ke3 Kd6 41. a3 a5 42. Kd3 b6 43. Kc3 Kc7 44. b4 a4 45.
bxc5 bxc5 1/2-1/2